Introduction To Artificial Neural Systems (Record no. 205023)

MARC details
000 -LEADER
fixed length control field 00437nam a2200169Ia 4500
008 - FIXED-LENGTH DATA ELEMENTS--GENERAL INFORMATION
fixed length control field 230714s9999 xx 000 0 und d
020 ## - INTERNATIONAL STANDARD BOOK NUMBER
International Standard Book Number 9790000000000
041 ## - LANGUAGE CODE
Language code of text/sound track or separate title eng
082 ## - DEWEY DECIMAL CLASSIFICATION NUMBER
Classification number 006.32
Item number ZUR
100 ## - MAIN ENTRY--PERSONAL NAME
Personal name Zurada J.M.
245 ## - TITLE STATEMENT
Title Introduction To Artificial Neural Systems
260 ## - PUBLICATION, DISTRIBUTION, ETC. (IMPRINT)
Name of publisher, distributor, etc. Jaico Publishing House
300 ## - PHYSICAL DESCRIPTION
Extent 683
365 ## - TRADE PRICE
Currency code Rs.
Price amount 395.00
700 ## - ADDED ENTRY--PERSONAL NAME
Personal name Zurada J.M.
906 ## - LOCAL DATA ELEMENT F, LDF (RLIN)
d B:300812-Dec-2011
c COMP
b 296.25

No items available.